[Event "Agzamov mem"]
[Site "Tashkent"]
[Date "1986.??.??"]
[Round "2"]
[White "Khasin, Alexander"]
[Black "Lerner, Konstantin Z"]
[Result "1-0"]
[WhiteElo "2420"]
[BlackElo "2530"]

1.c4 e5 2.g3 Nf6 3.Bg2 d5 4.cxd5 Nxd5 5.Nc3 Nb6 6.Nf3 Nc6 7.O-O Be7 8.d3 O-O
9.Be3 Kh8 10.Rc1 f5 11.a3 f4 12.Bd2 g5 13.Ne4 g4 14.Ne1 Be6 15.Nc5 Bxc5 16.Rxc5 Nd7
17.Rxc6 bxc6 18.Bxc6 Rb8 19.Bc3 Kg8 20.Ng2 Rb6 21.Bxd7 Bxd7 22.Bxe5 f3 23.exf3 gxf3
24.Nf4 Qg5 25.Re1 Rxf4 26.Bxf4 Qg4 27.Re5 Qh3 28.Qxf3 Bc6 29.Rg5+ Kf7 30.Qh5+ Qxh5
31.Rxh5 Rxb2 32.Rc5 Rb1+ 33.Bc1 Rb6 34.h3 Ke6 35.g4 Kd7 36.Kh2 Rb5 37.Rc4 Rb3
38.d4 a5 39.a4 Rb4 40.Rxb4 axb4 41.a5 Ke6 42.h4 Kd5 43.h5 Kxd4 44.a6 Kc5
45.Be3+ Kb5 46.a7 Ka6 47.f4 Kb7 48.f5 b3 49.Bd4 Be8 50.Kg3 c5 51.Bb2 Kxa7
52.Kh4 Kb6 53.g5 Kc6 54.g6 hxg6 55.h6  1-0

[Event "AUT-ch"]
[Site "Austria"]
[Date "1987.??.??"]
[Round "2"]
[White "Hoelzl, Franz"]
[Black "Weinzettl, Ernst"]
[Result "1-0"]
[WhiteElo "2390"]
[BlackElo "2310"]

1.c4 e5 2.g3 Nc6 3.Bg2 Nf6 4.Nc3 Bb4 5.Nd5 Nxd5 6.cxd5 Ne7 7.Nf3 Ng6 8.O-O O-O
9.d4 exd4 10.Nxd4 c6 11.Nc2 Bd6 12.Qd2 Qf6 13.f4 Bc5+ 14.Kh1 cxd5 15.b4 Bb6
16.Rb1 d6 17.Bb2 Qf5 18.Bxd5 Be6 19.Bg2 d5 20.Nd4 Bxd4 21.Qxd4 f6 22.e4 dxe4
23.Bxe4 Qh5 24.f5 Rad8 25.Qe3 Bxa2 26.Ra1 Bc4 27.Rfc1 Be2 28.fxg6 Rfe8 29.gxh7+ Kh8
30.Qf4 Qb5 31.Qxf6  1-0

[Event "AUT-ch"]
[Site "Austria"]
[Date "1987.??.??"]
[Round "4"]
[White "Titz, Heimo"]
[Black "Petschar, Kurt"]
[Result "1/2-1/2"]
[WhiteElo "2290"]
[BlackElo "2285"]

1.c4 e5 2.g3 Nf6 3.Bg2 c6 4.d4 exd4 5.Qxd4 d5 6.cxd5 cxd5 7.Nf3 Nc6 8.Qa4 Bc5
9.O-O O-O 10.Bg5 Be6 11.Nc3 h6 12.Bxf6 Qxf6 13.Rad1 Rad8 14.e3 Bb6 15.Rd2 Rfe8
16.Rfd1 d4 17.Ne4 Qg6 18.Nxd4 Bxd4 19.exd4 Bg4 20.f3 Rxe4 21.fxg4 Rexd4 22.Rxd4 Nxd4
23.Kh1 Qb6  1/2-1/2

[Event "AUT-ch"]
[Site "Austria"]
[Date "1987.??.??"]
[Round "6"]
[White "Titz, Heimo"]
[Black "Baumgartner, Heinz"]
[Result "1/2-1/2"]
[WhiteElo "2290"]
[BlackElo "2335"]

1.c4 e5 2.g3 c6 3.d4 Bb4+ 4.Bd2 Bxd2+ 5.Qxd2 d6 6.Nc3 Nf6 7.Bg2 O-O 8.e4 Nbd7
9.Nge2 a6 10.O-O b5 11.cxb5 axb5 12.a3 Nb6 13.b3 Be6 14.Qc2 Ra5 15.b4 Ra6
16.a4 bxa4 17.dxe5 dxe5 18.Nxa4 Nxa4 19.Rxa4 Rxa4 20.Qxa4 Qd2 21.Nc1 Ng4
22.Nb3 Qb2 23.Na5 Bd7 24.Nb7 Be6 25.Na5 Bd7 26.Qd1 Nf6 27.Qd6 Re8 28.Rd1 h5
29.Nc4 Qc3 30.Ne3 Ra8 31.h3 Ra1 32.Rxa1 Qxa1+ 33.Qd1 Qc3 34.g4 hxg4 35.hxg4 Be6
36.g5 Nd7 37.Qd6 Nf8 38.Bf1 Ng6 39.Nf5 Kh7 40.Ne3 Nf4 41.Kh2 Ba2 42.Bh3 Qe1
43.Qxe5 Qxf2+ 44.Ng2 Nxh3 45.Kxh3 Qf3+ 46.Kh2 Bb1 47.Qf4 Qxf4+ 48.Nxf4 Bxe4
49.Kg3 f6 50.gxf6 gxf6 51.Kf2 Kh6 52.Ke3 Bg6 53.Ne6 Bf7 54.Nd4 Be8 55.Kf4 Kg6
56.Ne2 Kf7 57.Ke4 Bd7 58.Kd4 Ke6 59.Kc5 Ke5 60.Nd4 f5 61.Nxc6+ Ke4 62.b5 f4
63.b6 Bc8 64.Nd4 Kd3 65.Kd5  1/2-1/2

[Event "AUT-ch"]
[Site "Austria"]
[Date "1987.??.??"]
[Round "11"]
[White "Titz, Heimo"]
[Black "Hoelzl, Franz"]
[Result "1/2-1/2"]
[WhiteElo "2290"]
[BlackElo "2370"]

1.c4 e5 2.g3 Nc6 3.Bg2 d6 4.Nc3 f5 5.d3 g6 6.Rb1 Bg7 7.Bd2 Nf6 8.b4 O-O 9.b5 Nd4
10.e3 Ne6 11.Nge2 Nh5 12.f4 g5 13.O-O Kh8 14.Nd5 Qe8 15.fxg5 c6 16.bxc6 bxc6
17.Nf6 Nxf6 18.gxf6 Rxf6 19.d4 e4 20.Bb4 d5 21.Qa4 Bd7 22.Qa3 dxc4 23.Bd6 Qh5
24.Nf4 Nxf4 25.Bxf4 Rf7 26.Qc5 Qe2 27.Rf2 Qd3 28.Rc1 Bf8 29.Qxc4 Qxc4 30.Rxc4 a5
31.Bh3 Ra6 32.Rb2 Be6 33.Rcc2 Bd5 34.Rb8 Kg7 35.Bf1 Raa7 36.Be5+ Kg6 37.Bc4 Rab7
38.Bxd5 cxd5 39.Ra8 Bh6 40.Rg8+ Kh5 41.Kf2 Rb1 42.h3 Rf8 43.Rxf8 Bxf8 44.Bf4 a4
45.Rc8 Rb2+ 46.Kf1 Bh6 47.g4+ fxg4 48.hxg4+ Kxg4 49.Bxh6 Rxa2 50.Rg8+ Kh3
51.Bf8 a3 52.Bxa3 Rxa3 53.Rg5 Rxe3 54.Rxd5 Kg4 55.Kf2 Ra3 56.Rd8 e3+ 57.Ke2 Kf4
58.d5 Ra2+ 59.Kf1 Kf3 60.Rf8+ Ke4 61.d6 Ra7 62.Ke2 h5 63.Re8+ Kf4 64.Rf8+ Ke5  1/2-1/2

[Event "AUT-ch"]
[Site "Austria"]
[Date "1987.??.??"]
[Round "13"]
[White "Hoelzl, Franz"]
[Black "Fauland, Alexander"]
[Result "0-1"]
[WhiteElo "2390"]
[BlackElo "2330"]

1.c4 e5 2.g3 c6 3.d4 Bb4+ 4.Nc3 d5 5.cxd5 Qxd5 6.Nf3 e4 7.Nh4 Nf6 8.a3 Bxc3+
9.bxc3 O-O 10.Ng2 Re8 11.Nf4 Qc4 12.Bd2 e3 13.fxe3 Nd5 14.Kf2 Nxc3 15.Bxc3 Qxc3
16.Nd3 Nd7 17.Bg2 Nf6 18.Bf3 Qa5 19.Ne5 Nd7 20.Nc4 Qg5 21.e4 Nf6 22.Nd6 Re7
23.Qc1 Ng4+ 24.Kg2 Ne3+ 25.Kg1 f5 26.e5 f4 27.Ne4 Qg6 28.Qc5 Nf5 29.Kf2 Qh6
30.g4 Qh4+ 31.Kg1 Ne3 32.Nf6+ Kf7 33.Ne4 Bxg4 34.d5 Bxf3 35.exf3 Rxe5 36.Qb4 Rxe4
37.fxe4 Qg4+ 38.Kf2 Qg2+  0-1

[Event "FRG-ch"]
[Site "Bad Neuenahr"]
[Date "1987.??.??"]
[Round "?"]
[White "Borngaesser, Rene"]
[Black "Buecker, Stefan"]
[Result "1/2-1/2"]
[WhiteElo "2370"]
[BlackElo "2300"]

1.c4 e5 2.g3 Nc6 3.Bg2 g6 4.Nc3 Bg7 5.e3 d6 6.Nge2 Be6 7.d3 Nge7 8.Nd5 O-O
9.O-O Qd7 10.Nec3 Nc8 11.Ne4 Bxd5 12.cxd5 N6e7 13.Nc3 c6 14.Qb3 cxd5 15.Nxd5 Nxd5
16.Qxd5 Rb8 17.Bd2 Ne7 18.Qb3 Rfd8 19.Rac1 d5 20.Rc2 Rbc8 21.Rfc1 Rc6 22.Rxc6 Nxc6
23.Be1 Bf8 24.a3 Be7 25.Qa4 Kg7 26.b4 a6 27.Qb3 f6 28.h3 Kh6 29.Rc2 f5 30.Bc3 Qd6
31.Bb2 Bf6 32.Rc5 Ne7 33.Qc2 Rd7 34.Qc1 Kg7 35.Qa1 e4 36.dxe4 dxe4 37.Bf1 Bxb2
38.Qxb2+ Qf6 39.Qc1 b5 40.a4 bxa4 41.Ra5 Rd6 42.Rxa4 Nd5 43.Qc5 g5 44.Rxa6 Rxa6
45.Bxa6 Nxb4 46.Bc8 Nd3 47.Qxf5 Qa1+ 48.Kh2 Qf6 49.Qxf6+ Kxf6 50.Kg1 h5 51.Ba6 Ne5
52.Bb7 Nf3+ 53.Kf1 h4 54.gxh4 gxh4 55.Bc8 Ke5 56.Bg4 Ng5 57.Ke2 Kd5 58.Kd2 Nf7
59.Kc3 Ne5 60.Be2 Nd7 61.Bc4+ Ke5 62.Kb4 Kd6 63.Ba6 Nc5 64.Bf1 Kd5 65.Bc4+ Kd6
66.Kc3 Ke5 67.Bb3 Nd3 68.f3 Nf2  1/2-1/2

[Event "FRG-ch"]
[Site "Bad Neuenahr"]
[Date "1987.??.??"]
[Round "?"]
[White "Sehner, Norbert"]
[Black "Hort, Vlastimil"]
[Result "1/2-1/2"]
[WhiteElo "2365"]
[BlackElo "2555"]

1.c4 e5 2.g3 Nc6 3.Bg2 g6 4.Nc3 Bg7 5.e3 d6 6.d3 Be6 7.b3 Qd7 8.Qd2 Nge7
9.Nd5 O-O 10.Bb2 Rab8 11.h3 b5 12.Ne2 f5 13.Rc1 bxc4 14.dxc4 g5 15.f4 gxf4
16.Nxe7+ Nxe7 17.exf4 e4 18.Bxg7 Kxg7 19.O-O Nc6 20.Kh2 h5 21.Nd4 Kg6 22.Nc2 Qg7
23.Ne3 Rg8 24.Rg1 Rbe8 25.Rcd1 a5 26.Qf2 Kf7 27.Bf1 Nd4 28.Be2 Rh8 29.Rd2 c5
30.Qe1  1/2-1/2

[Event "Berlin op"]
[Site "Berlin-West"]
[Date "1987.??.??"]
[Round "?"]
[White "Foisor, Ovidiu"]
[Black "Kallai, Gabor"]
[Result "1/2-1/2"]
[WhiteElo "2490"]
[BlackElo "2420"]

1.c4 e5 2.g3 Nc6 3.Bg2 Nf6 4.Nc3 Be7 5.e3 h5 6.h3 d6 7.Nge2 Bf5 8.d3 Qd7
9.a3 a6 10.Nd5 Rb8 11.e4 Be6 12.Be3 Bd8 13.Rc1 Ng8 14.Qd2 f5 15.h4 Nf6 16.Nxf6+ Bxf6
17.d4 exd4 18.Nxd4 Nxd4 19.Bxd4 O-O 20.exf5 Bxf5 21.O-O b6 22.Rfe1 Bxd4 23.Qxd4 Rbe8
24.Bf3  1/2-1/2

[Event "Budapest"]
[Site "Budapest"]
[Date "1987.??.??"]
[Round "7"]
[White "Hoelzl, Franz"]
[Black "Conquest, Stuart"]
[Result "1-0"]
[WhiteElo "2390"]
[BlackElo "2445"]

1.c4 e5 2.g3 Nc6 3.Bg2 f5 4.Nc3 Nf6 5.e3 g6 6.d4 d6 7.dxe5 Nxe5 8.Nge2 Bg7
9.O-O O-O 10.b3 Rb8 11.Bb2 Be6 12.Qc2 c6 13.Rfd1 Qc7 14.Rac1 Rbd8 15.Qb1 Qa5
16.Qa1 a6 17.Nf4 Bc8 18.Na4 b5 19.cxb5 axb5 20.Bc3 Qa7 21.Bd4 Qf7 22.Nb6 Bb7
23.Bxe5 dxe5 24.Qxe5 g5 25.Rxd8 Rxd8 26.Ne6 Re8 27.Bxc6 Qxe6 28.Qxb5 Bxc6
29.Rxc6 Qe4 30.Qc4+ Kh8 31.Qxe4 Nxe4 32.a4 h5 33.a5 Nc3 34.a6 Re7 35.Nc8 Rd7
36.Rd6 Rxd6 37.Nxd6 Nd5 38.Nxf5 Bf8 39.Nd4 Nc7 40.a7 Na8  1-0

[Event "Budapest"]
[Site "Budapest"]
[Date "1987.??.??"]
[Round "12"]
[White "Hoelzl, Franz"]
[Black "Farago, Ivan"]
[Result "1-0"]
[WhiteElo "2390"]
[BlackElo "2535"]

1.c4 e5 2.g3 c6 3.d4 exd4 4.Qxd4 d5 5.Nf3 Nf6 6.cxd5 cxd5 7.Bg2 Nc6 8.Qa4 Bd7
9.O-O Bc5 10.Bg5 O-O 11.Nc3 Nb4 12.Qd1 Be6 13.Rc1 Be7 14.Nd4 Qd7 15.Qb3 Nc6
16.Nxe6 fxe6 17.Bh3 Bb4 18.Nb5 Ba5 19.Be3 Rfe8 20.Rfd1 Bb6 21.Bxb6 axb6 22.Nc3 Qc7
23.a3 Kh8 24.Bg2 Na5 25.Qb4 Nc6 26.Nb5 Qe7 27.Qxe7 Rxe7 28.Nd6 Rd7 29.Nb5 Kg8
30.e4 Rad8 31.exd5 exd5 32.Nd4 Nxd4 33.Rxd4 Kf8 34.Bh3 Re7 35.Kf1 Re4 36.Rxe4 Nxe4
37.Ke2 Re8 38.Rc8 Nxg3+ 39.Kf3 Ne4 40.Ke3 Rxc8 41.Bxc8 Nd6 42.Be6 Nc4+ 43.Kd4 Nxb2
44.Bxd5 Ke7 45.Bb3 b5 46.Kc3 Nc4 47.Bxc4 bxc4 48.Kxc4 Kd6 49.Kb5 Kc7 50.Kc5 b6+
51.Kd5 Kb7 52.f4  1-0

[Event "Cannes"]
[Site "Cannes"]
[Date "1987.??.??"]
[Round "?"]
[White "Gulko, Boris F"]
[Black "Miralles, Gilles"]
[Result "1-0"]
[WhiteElo "2525"]
[BlackElo "2450"]

1.c4 e5 2.g3 Nf6 3.Bg2 Nc6 4.Nc3 Bb4 5.e4 d6 6.Nge2 Bc5 7.h3 Be6 8.d3 h6
9.Nd5 Nd4 10.O-O g5 11.Nxd4 Bxd4 12.Be3 Bxe3 13.fxe3 Nd7 14.Qh5 c6 15.Rf2 Rh7
16.Raf1 c5 17.Rf6 Bxd5 18.Rxd6 Bc6 19.Re6+ Kf8 20.Rxh6 Nf6 21.Rfxf6 Qxf6
22.Rxh7 Ke7 23.h4 Rg8 24.hxg5  1-0

[Event "Coimbatore"]
[Site "Coimbatore"]
[Date "1987.??.??"]
[Round "?"]
[White "Csom, Istvan"]
[Black "Vasiukov, Evgeni"]
[Result "1/2-1/2"]
[WhiteElo "2480"]
[BlackElo "2490"]

1.c4 e5 2.g3 Nf6 3.Bg2 c6 4.d4 exd4 5.Qxd4 d5 6.Nf3 Be7 7.cxd5 Qxd5 8.Nc3 Qxd4
9.Nxd4 O-O 10.O-O Rd8 11.Rd1 Na6 12.Bf4 Nb4 13.Nb3 Nfd5 14.Nxd5 Nxd5 15.Bxd5 Rxd5
16.Rxd5 cxd5 17.Be3 b6 18.Rc1 Ba6 19.Nd4 Bf6 20.Rc2 Bxd4 21.Bxd4 Rc8  1/2-1/2

[Event "Coimbatore"]
[Site "Coimbatore"]
[Date "1987.??.??"]
[Round "?"]
[White "Csom, Istvan"]
[Black "Zaichik, Gennadi"]
[Result "1-0"]
[WhiteElo "2480"]
[BlackElo "2490"]

1.c4 e5 2.g3 Nf6 3.Bg2 d5 4.cxd5 Nxd5 5.Nc3 Nb6 6.d3 Be7 7.Be3 O-O 8.Rc1 Nc6
9.Bxc6 bxc6 10.Nf3 Bh3 11.Nxe5 Bf6 12.Nxc6 Qd7 13.Ne4 Bxb2 14.Rc2 Rfe8 15.Rg1 Ba3
16.Qa1 Nd5 17.g4 Re6 18.Rg3 Rxc6 19.Rxc6 Qxc6 20.Rxh3 Rb8 21.Kf1 Nxe3+ 22.Rxe3 Bc1
23.Rf3 Rb2 24.a4 h6 25.Qa3 Qe6 26.Qc5 Rb1 27.Qf5 Ra1 28.Kg2 Rxa4 29.Qb5 Ra6
30.Qb8+ Kh7 31.Qxc7 Qxg4+ 32.Rg3 Bf4 33.Qc4 Qe6 34.Qxe6 Rxe6 35.Rf3 f5 36.Nc5 Rc6
37.d4 Bd6 38.Rxf5 Kg6 39.Rd5 Bxc5 40.dxc5 a5 41.Kf3 a4 42.Ke4 a3 43.Rd3 Re6+
44.Kd5 Rxe2 45.Rxa3 Rd2+ 46.Kc4 Kf6 47.Rf3+ Ke6 48.Re3+ Kf6 49.c6  1-0

[Event "HUN-ch op"]
[Site "Eger"]
[Date "1987.??.??"]
[Round "?"]
[White "Titz, Heimo"]
[Black "Perenyi, Bela"]
[Result "1-0"]
[WhiteElo "2290"]
[BlackElo "2360"]

1.c4 e5 2.g3 Nc6 3.Bg2 g6 4.Nc3 Bg7 5.e3 d6 6.Nge2 h5 7.h3 Nh6 8.d3 O-O 9.O-O f5
10.Nd5 h4 11.f4 hxg3 12.Qe1 Kh7 13.Qxg3 Ne7 14.Bd2 Neg8 15.Kh1 c6 16.Ndc3 Nf6
17.Bf3 Nh5 18.Bxh5 gxh5 19.Rg1 Qf6 20.Rg2 Rg8 21.Rag1 Bh8 22.Qf2 Rxg2 23.Rxg2 Be6
24.e4 Rg8 25.Rg5 Qf7 26.Rxg8 Nxg8 27.Qxa7 Bg7 28.Qf2 d5 29.cxd5 cxd5 30.fxe5 dxe4
31.d4 Ne7 32.Kh2 Bxa2 33.Nxa2 Qxa2 34.Bg5 Ng6 35.Qxf5 Qxb2 36.Qxe4 Bxe5+
37.dxe5 Qxe5+ 38.Qxe5 Nxe5 39.Bf6 Nd7 40.Bd4 Kg6 41.Kg3 Kf5 42.Kf3 b5 43.h4 b4
44.Ng3+ Kg6 45.Ke4 Nf8 46.Kd3 Kf7 47.Nxh5 Ng6 48.Bf2 Ke6 49.Ng7+ Kf7 50.Nf5 Ne5+
51.Kc2 Ng4 52.Bd4 Ke6 53.Ne3 Nh6 54.Kb3 Kf7 55.h5 Kg8 56.Kxb4 Kh7 57.Kc5 Nf7
58.Ng4 Nh6 59.Nf6+ Kg7 60.Ne4+ Kg8 61.Ng5 Nf5 62.Be5 Kf8 63.Kd5 Nh6 64.Ke4 Kg8  1-0

[Event "Espoo"]
[Site "Espoo"]
[Date "1987.??.??"]
[Round "7"]
[White "Pyhala, Antti"]
[Black "Hazai, Laszlo"]
[Result "1/2-1/2"]
[WhiteElo "2385"]
[BlackElo "2465"]

1.g3 e5 2.c4 g6 3.Bg2 Bg7 4.Nc3 d6 5.d3 Nc6 6.e3 h5 7.h4 Bg4 8.Nge2 Qd7 9.Rb1 Nge7
10.b4 O-O 11.b5 Nd8 12.a4 a6 13.Bd2 axb5 14.axb5 c6 15.Qb3 Ne6 16.Na4 Nc5
17.Nxc5 dxc5 18.Nc1 Rab8 19.Ba5 b6 20.Bc3 cxb5  1/2-1/2

[Event "Gausdal zt"]
[Site "Gausdal"]
[Date "1987.??.??"]
[Round "?"]
[White "Karlsson, Lars"]
[Black "Ostenstad, Berge"]
[Result "1-0"]
[WhiteElo "2480"]
[BlackElo "2400"]

1.c4 e5 2.g3 Nc6 3.Bg2 g6 4.e3 Bg7 5.Ne2 d6 6.Nbc3 Nf6 7.d3 O-O 8.Rb1 a5
9.a3 Bg4 10.b4 axb4 11.axb4 Qd7 12.b5 Nd8 13.h3 Be6 14.Nd5 Ne8 15.Qb3 Bxd5
16.cxd5 b6 17.d4 exd4 18.exd4 Nb7 19.O-O Nf6 20.g4 Rfe8 21.Ng3 h6 22.Be3 Ra5
23.Bd2 Ra7 24.Qc2 Rea8 25.Qc6 Qc8 26.Rfe1 Nd8 27.Qc1 Kh7 28.g5 Ng8 29.Re4 h5
30.Qd1 f5 31.Rh4 Ne7 32.Nxh5 Kg8 33.Qe1 gxh5 34.Qxe7 Nf7 35.Qe6 Kf8 36.Rf4 Qxe6
37.dxe6 Ra1 38.Rf1 Rxf1+ 39.Bxf1 Nh8 40.d5 Ke7 41.Rxf5  1-0

[Event "Gausdal zt (Women)"]
[Site "Gausdal"]
[Date "1987.??.??"]
[Round "?"]
[White "Haahr, Merete"]
[Black "Dahl, Ingrid"]
[Result "1/2-1/2"]
[WhiteElo "2035"]
[BlackElo "2045"]

1.c4 e5 2.g3 Nc6 3.Bg2 g6 4.Nc3 Bg7 5.d3 d6 6.Bd2 Nge7 7.Rb1 O-O 8.b4 a6
9.a4 Rb8 10.b5 axb5 11.axb5 Nd4 12.e3 Ne6 13.Nge2 Bd7 14.O-O c6 15.Qc2 f5
16.f4 exf4 17.Nxf4 Nxf4 18.Rxf4 Kh8 19.Ne2 Ng8 20.Rff1 Nf6 21.bxc6 bxc6 22.Nd4 c5
23.Nc6 Bxc6 24.Bxc6 Qc7 25.Bf3 Rxb1 26.Rxb1 Rb8 27.Rxb8+ Qxb8 28.Qa2 Nd7
29.Qc2 Qb2 30.Qxb2 Bxb2 31.Kf2 Kg7 32.Ke2 Ne5 33.Bd5 Ng4 34.h3 Nf6 35.Bf3 Kf7
36.Ba5 Ke7 37.Bb6 Nd7 38.Ba7 Kd8 39.d4 Kc7 40.Kd3 h6  1/2-1/2

[Event "Gausdal zt (Women)"]
[Site "Gausdal"]
[Date "1987.??.??"]
[Round "?"]
[White "Haahr, Merete"]
[Black "Borisova, Borislava"]
[Result "0-1"]
[WhiteElo "2035"]
[BlackElo "2210"]

1.c4 e5 2.g3 Nf6 3.Bg2 Nc6 4.Nc3 Bc5 5.e3 O-O 6.Nge2 Re8 7.a3 a5 8.d3 d6
9.O-O Bg4 10.h3 Bh5 11.Bd2 Rb8 12.Nd5 a4 13.Bc3 Bxe2 14.Qxe2 Nd4 15.Qd1 Nb3
16.Rb1 Nxd5 17.cxd5 Qg5 18.Kh2 f5 19.Bf3 b5 20.Qc2 Rf8 21.Rg1 Rf6 22.Rbe1 Rh6
23.Qd1 Kh8 24.Re2 Rf8 25.Qf1 Rg6 26.h4 Rh6 27.Qh3 Qf6 28.h5 g5 29.g4 f4 30.e4 Bd4
31.Rc2 Nc5 32.Qf1 Qd8 33.Ba5 Rhf6 34.Qe2 R6f7 35.Rgc1 Qb8 36.Bb4 Nb3 37.Rd1 Bxb2
38.Rxb2 Nd4 39.Qf1 Nxf3+ 40.Kg2 Nd4 41.f3 Qb6 42.Qf2 c5 43.dxc6 Qxc6 44.Rdd2 Rc8
45.Ba5 Qa6 46.Bb4 Rfc7 47.Rd1 Rc2 48.Rd2 Rc1 49.Ra2 R8c6 50.Rab2 Qc8 51.Ra2 Nc2
52.Rb2 Ne3+ 53.Kh2 Rf1  0-1

[Event "Bundesliga 8687"]
[Site "Germany"]
[Date "1987.??.??"]
[Round "?"]
[White "Schneider, B."]
[Black "Junge, Ralf"]
[Result "1-0"]
[WhiteElo "2340"]
[BlackElo "2340"]

1.c4 e5 2.g3 Nc6 3.Bg2 g6 4.Nc3 Bg7 5.Nf3 f5 6.d3 Nf6 7.O-O O-O 8.Rb1 d6
9.b4 a6 10.a4 h6 11.b5 axb5 12.axb5 Ne7 13.Bb2 Be6 14.Ra1 Rc8 15.Ne1 c6 16.Nf3 Nd7
17.Ra7 Nc5 18.bxc6 bxc6 19.Na4 Nd7 20.Qa1 c5 21.Nc3 Nc6 22.Ra6 Ndb8 23.Ra8 Kh7
24.Nb5 Rf7 25.Bc3 Nd4 26.Nfxd4 exd4 27.Ba5 Qf8 28.Rb1 f4 29.Bc7 Be5 30.Qa7 fxg3
31.fxg3 d5 32.Bxe5 Rxa7 33.Rxa7+ Nd7 34.cxd5 Bf5 35.Nd6 Ra8 36.Rxa8 Qxa8
37.Nxf5 gxf5 38.d6 Qa2 39.Rb7 Qa4 40.Bd5 Kg6 41.Bf4 Nf6 42.Bf7+ Kg7 43.Bb3+ Qd7
44.Rxd7+ Nxd7 45.Ba4 Nf6 46.Be5  1-0

[Event "URS-FL"]
[Site "Kursk"]
[Date "1987.??.??"]
[Round "?"]
[White "Khasin, Alexander"]
[Black "Dvoirys, Semen I"]
[Result "1/2-1/2"]
[WhiteElo "2410"]
[BlackElo "2465"]

1.c4 e5 2.g3 Nc6 3.Bg2 d6 4.Nc3 Be6 5.d3 Qd7 6.Qa4 Nd4 7.Qxd7+ Bxd7 8.Rb1 c6
9.e3 Ne6 10.Nge2 Be7 11.O-O Nf6 12.d4 O-O 13.Rd1 Rfd8 14.b3 Rab8 15.Ba3 Bf8
16.d5 Nc7 17.dxc6 Bxc6 18.Rd2 Bxg2 19.Kxg2 b5 20.cxb5 Nxb5 21.Nxb5 Rxb5 22.Nc3 Rb6
23.Rbd1 d5 24.Bxf8 Kxf8 25.f3 Rbd6 26.Ne4 Nxe4 27.fxe4 d4 28.exd4 exd4 29.Kf3 Ke7
30.Rc1 R8d7 31.Rc5 Ke6 32.Ke2 d3+ 33.Ke3 Rd4 34.a3 g6 35.Rc3 Ke5 36.Rcxd3 Rxe4+
37.Kf3 Re7 38.Rd6 Kf5 39.R2d5+ R4e5 40.b4 h5 41.Rd7 Rxd5 42.Rxd5+ Kf6 43.Ra5 g5
44.h4 gxh4 45.gxh4 Kg6 46.a4 f6 47.Kf4 Rb7 48.b5 Re7 49.Ra6 Kf7 50.Rc6 Kg6
51.Rc4 Re1 52.Rc7 a6 53.bxa6 Re5 54.a7 Ra5 55.Ke4 f5+ 56.Kd4 f4 57.Kc4 f3
58.Rc6+ Kg7 59.Rc7+ Kg6  1/2-1/2

[Event "London Peace"]
[Site "London"]
[Date "1987.??.??"]
[Round "?"]
[White "Baker, Chris W"]
[Black "Birnboim, Nathan"]
[Result "0-1"]
[WhiteElo "2255"]
[BlackElo "2435"]

1.c4 e5 2.g3 Nf6 3.Bg2 c6 4.Nc3 d5 5.cxd5 cxd5 6.Qb3 Nc6 7.Nxd5 Nd4 8.Nxf6+ Qxf6
9.Qd1 Bf5 10.d3 Rc8 11.Kf1 Be7 12.Bxb7 Rc7 13.Bd5 O-O 14.Kg2 Rd8 15.e4 Rxd5
16.exd5 Qd6 17.f3 Rc2+ 18.Kf1 Qa6 19.Bd2 Qxd3+ 20.Ke1 Bb4 21.Bxb4 Qe3+ 22.Ne2 Nxf3+  0-1

[Event "URS-FL"]
[Site "Lvov"]
[Date "1987.??.??"]
[Round "?"]
[White "Zaichik, Gennadi"]
[Black "Vyzmanavin, Alexey"]
[Result "1-0"]
[WhiteElo "2490"]
[BlackElo "2480"]

1.c4 e5 2.g3 Nf6 3.Bg2 d5 4.cxd5 Nxd5 5.Nc3 Nb6 6.Nf3 Nc6 7.O-O Be7 8.d3 O-O
9.Be3 Be6 10.Rc1 f6 11.Nd2 Qd7 12.Re1 Rab8 13.Nb3 Rfd8 14.Ne4 Bd5 15.Nbc5 Qe8
16.Bh3 Qf7 17.Nc3 Bxc5 18.Bxc5 Be6 19.Bg2 Nd5 20.Qa4 a6 21.a3 f5 22.Qh4 Nde7
23.Bxe7 Nxe7 24.Qg5 Bb3 25.Nb1 c6 26.Nd2 Bd5 27.e4 h6 28.Qh4 Ng6 29.Qh5 Be6
30.exf5 Bxf5 31.Nf3 Qf6 32.Rc5 Re8 33.d4 Rf8 34.Nxe5 Rbd8 35.Nf3 Be6 36.Rc2 Bd5
37.Re3 Rd7 38.Rce2 Rdf7 39.Ne5 Nxe5 40.dxe5 Qe6 41.Bh3 Qe7 42.e6 Rf3 43.Qe5 R3f6
44.f4 Qc5  1-0

[Event "Munich zt"]
[Site "Munich"]
[Date "1987.??.??"]
[Round "?"]
[White "Shvidler, Eliahu"]
[Black "Wittmann, Walter"]
[Result "1-0"]
[WhiteElo "2450"]
[BlackElo "2400"]

1.c4 e5 2.g3 Nf6 3.Bg2 Nc6 4.Nc3 Bb4 5.Nd5 Bc5 6.Nf3 e4 7.Nh4 d6 8.O-O Be6
9.d3 Nxd5 10.cxd5 Bxd5 11.dxe4 Be6 12.Nf5 O-O 13.Bd2 Qd7 14.Qb1 Rfe8 15.Qd3 f6
16.Rfc1 Ne5 17.Qc2 Ng4 18.e3 Ne5 19.b4 Bb6 20.a4 c6 21.a5 Bd8 22.a6 b5 23.Bc3 Nc4
24.Rd1 Bb6 25.Bd4 Qc7 26.Bxb6 axb6 27.Nd4 Bf7 28.Qc3 Rf8 29.Nf5 Be6 30.Bf1 Bxf5
31.exf5 d5 32.e4 dxe4 33.Bxc4+ bxc4 34.Qxc4+ Kh8 35.Qxe4 Rfe8 36.Qc2 Re5
37.Rdc1 c5 38.b5 Qd7 39.Qc4 Qxf5 40.Qf7 Re2 41.Rf1 Qe5 42.Rad1 Rg8 43.Qb7 c4
44.Qxb6 c3 45.a7 Qe4 46.Qb8 Qa8 47.Qxa8 Rxa8 48.b6 Rb2 49.Rb1  1-0

[Event "Nuremberg op"]
[Site "Nuremberg"]
[Date "1987.??.??"]
[Round "3"]
[White "Schneider, B."]
[Black "Sarosi, Zoltan"]
[Result "1/2-1/2"]
[WhiteElo "2380"]
[BlackElo "2330"]

1.c4 e5 2.g3 Nf6 3.Bg2 c6 4.Nf3 e4 5.Nd4 d5 6.d3 Qb6 7.Nc2 exd3 8.exd3 Bg4
9.Qd2 Be7 10.O-O O-O 11.Re1 Re8 12.Nc3 d4 13.Ne4 Nbd7 14.b4 c5 15.Ba3 Nxe4
16.Bxe4 cxb4 17.Bxb4 Bxb4 18.Nxb4 Be6 19.Rab1 Qc7 20.Qb2 Rad8 21.Qxd4 Nc5
22.Nd5 Qd6 23.Bg2 b6 24.Re3 Bxd5 25.Bxd5 Ne6 26.Qh4 Qa3 27.Rbe1 Qxa2 28.Rxe6 fxe6
29.Rxe6 Kh8 30.Be4 Qa1+ 31.Kg2 h6 32.Bd5 Qc1 33.f4 Qd2+ 34.Kg1 Qd1+ 35.Kg2 Qd2+
36.Kg1  1/2-1/2

[Event "OL Wuert 8687"]
[Site "?"]
[Date "1987.??.??"]
[Round "?"]
[White "Knoedler, Dieter"]
[Black "Sick, Oliver"]
[Result "1/2-1/2"]
[WhiteElo "2265"]
[BlackElo "2315"]

1.c4 e5 2.g3 Nc6 3.Bg2 g6 4.Nc3 Bg7 5.e4 d6 6.Nge2 h5 7.h3 Nh6 8.d3 O-O 9.O-O f5
10.Nd5 Nf7 11.Nec3 Nd4 12.exf5 Nxf5 13.Ne3 Nd4 14.Nc2 Nxc2 15.Qxc2 Ng5 16.Bxg5 Qxg5
17.c5 h4 18.Qb3+ Kh8 19.Ne4 Qe7 20.Rac1 dxc5 21.Qd5 hxg3 22.fxg3 Be6 23.Qxc5 Rxf1+
24.Rxf1 Qd7 25.b3 b6 26.Qc1 Qe7 27.Ng5 Rf8 28.Rxf8+ Bxf8 29.Nxe6 Qxe6 30.Qxc7 Bc5+
31.Kh2 Qe7 32.Qc6 Kg7 33.h4 Bd4 34.Kh3 Qf6 35.Qd7+ Qf7 36.Qxf7+ Kxf7 37.g4 g5
38.h5 a5 39.Bc6 Kg7 40.Kg2 Kh6 41.Kf3 Kg7 42.Ke4 Kh6 43.Kf5 Ba1 44.Ke6 Bd4  1/2-1/2

[Event "Santa Catalina"]
[Site "Santa Catalina"]
[Date "1987.??.??"]
[Round "?"]
[White "Bellon Lopez, Juan Manuel"]
[Black "De la Villa Garcia, Jesus Maria"]
[Result "1/2-1/2"]
[WhiteElo "2370"]
[BlackElo "2450"]

1.c4 e5 2.g3 d5 3.cxd5 Qxd5 4.Nf3 Bb4 5.Qa4+ Qc6 6.Nc3 Qxa4 7.Nxa4 Nc6 8.a3 Bd6
9.d3 Bg4 10.Nd2 Nd4 11.Rb1 Nf6 12.h3 Bd7 13.Nc3 Bc6 14.Rg1 Nd5 15.Nxd5 Bxd5
16.e3 Ne6 17.f4 exf4 18.gxf4 f5 19.Bg2 Bxg2 20.Rxg2 O-O-O 21.b4 Rhe8 22.Kd1 g6
23.Nc4 Bxf4 24.exf4 Rxd3+ 25.Rd2 Rxh3 26.Rd5 Rh4 27.Rb3 Nxf4 28.Bxf4 Rxf4
29.Rc3 Rd8 30.Rxd8+ Kxd8 31.Rd3+ Kc8 32.Ne5 Re4 33.Nf7 b6 34.Rd8+ Kb7 35.Rh8 Ka6
36.Ng5 Re7 37.a4 c5 38.bxc5 bxc5 39.Nxh7 Ka5 40.Ng5 Kxa4 41.Rg8 Rd7+ 42.Kc2 Rd6
43.Nf3 Re6 44.Rg7 Re3 45.Rxa7+ Kb4 46.Nh4 Rg3 47.Rg7 Kc4 48.Rxg6 Rxg6  1/2-1/2

[Event "Nordic-chT"]
[Site "Slupsk"]
[Date "1987.??.??"]
[Round "1"]
[White "Sehner, Norbert"]
[Black "Ostenstad, Berge"]
[Result "0-1"]
[WhiteElo "2365"]
[BlackElo "2410"]

1.c4 e5 2.g3 Nc6 3.Bg2 g6 4.Nc3 Bg7 5.e3 d6 6.d3 f5 7.Nge2 Nf6 8.b3 O-O 9.Bb2 Rb8
10.O-O a6 11.Qd2 Ne7 12.f4 exf4 13.Nxf4 c6 14.Kh1 g5 15.Nfe2 Qe8 16.Rae1 Qh5
17.Ng1 Bd7 18.Bf3 Qh6 19.Ba3 c5 20.Nd5 Nfxd5 21.cxd5 Bb5 22.Bc1 Ng6 23.a4 Bd7
24.Bg2 Bb2 25.Qxb2 b5 26.a5 Qg7 27.Qd2 b4 28.d4 cxd4 29.exd4 f4 30.Be4 Bf5
31.Qd3 Bxe4+ 32.Rxe4 Qb7 33.gxf4 Nxf4 34.Qe3 Qxd5 35.Nf3 Ng6 36.Kg1 h6 37.h4 Rbc8
38.hxg5 Rc3 39.Qe2 hxg5 40.Re3 Nf4 41.Qe1 Qf5 42.Nh2 Qc2 43.Rf2 Rxe3 44.Qxe3 Nh3+  0-1

[Event "Nordic-chT"]
[Site "Slupsk"]
[Date "1987.??.??"]
[Round "5"]
[White "Hentunen, Asko"]
[Black "Gausel, Einar"]
[Result "*"]
[WhiteElo "2290"]
[BlackElo "2315"]

1.c4 e5 2.g3 Nc6 3.Bg2 Nf6 4.Nc3 Bb4 5.Nd5 a5 6.Nxb4 axb4 7.d3 O-O 8.Nf3 d5
9.cxd5 Nxd5 10.O-O h6 11.Bd2 Bg4 12.h3 Be6 13.Qc2 Ra6 14.Rfd1 Nde7 15.a3 Qa8
16.Qc5 bxa3 17.Rxa3 Rxa3 18.bxa3 f6 19.Qb5 Rd8 20.Ra1 Nf5 21.Bc3 Qa7 22.Kf1 Nd6
23.Qb2 Qa4 24.Nd2 Ra8 25.h4 Ra6 26.Ne4 Nxe4 27.Bxe4 Rb6 28.Qd2 Nd4  *

[Event "Tirnavia-B"]
[Site "Trnava"]
[Date "1987.??.??"]
[Round "6"]
[White "Spiridonov, Nikola"]
[Black "Drtina, Milan"]
[Result "0-1"]
[WhiteElo "2420"]
[BlackElo "2280"]

1.c4 e5 2.g3 Nf6 3.Bg2 d5 4.cxd5 Nxd5 5.Nc3 Nb6 6.Nf3 Nc6 7.O-O Be7 8.d3 O-O
9.a3 Be6 10.b4 f5 11.Bb2 Bf6 12.Nd2 Nd5 13.Na4 Bf7 14.Nc5 b6 15.Ncb3 Nd4
16.e4 fxe4 17.Nxd4 exd4 18.Nxe4 c5 19.Qa4 cxb4 20.axb4 Rc8 21.Qxa7 Rc2 22.Ba3 Rc7
23.Qa6 Be7 24.b5 Re8 25.Bxe7 Qxe7 26.h4 h6 27.Rfe1 Qd8 28.Qa4 Nc3 29.Qb4 Qd7
30.Nd6 Rd8 31.Nxf7 Qxf7 32.Ra8 Rxa8 33.Bxa8 Qa2 34.Re8+ Kh7 35.Qf8 Rf7 36.Qg8+ Kg6
37.h5+ Kxh5 38.Re5+ Kg6 39.Qe8 Qxf2+ 40.Kh1 Kh7 41.Bg2 Qxg3 42.Qxf7 Qxe5
43.Bh3 Qd5+  0-1